00616 2200229 4500001002100000005001500021035002000036245007800056100002400134250000600158300002800164260003900192082000800231084001400239020002300253600002500276990001700301990001700318990001700335990001700352990001700369INLIS00000000000149320230126101149 a0010-01230000121 aKamus Lengkap Inggris-Indonesia, Indonesia Inggris /cDR. H. Odo Fadloeli0 aDR. H. Odo Fadloeli a- a686 hlm. :b- ;c21 cm. aBandung :bCV Pustaka Setia,c2007 a423 a423 ODO k a978-979-7302-874-2 4aKamus Bahasa Inggris a04983/P/2023 a04984/P/2023 a04985/P/2023 a04986/P/2023 a04987/P/2023